000 01188cam a2200253 a 4500
020 _a0070448221 (pbk.)
082 0 0 _a620.1
_bMCL
_cL-5 P-35
100 1 _aMcLean, W. G.
_940674
245 1 0 _aSchaum's outline of theory and problems of engineering mechanics :
_bstatics and dynamics /
_cby W.G. McLean and E.W. Nelson.
250 _a4th ed.
260 _aNew York :
_bMcGraw-Hill,
_cc1952.
300 _a296 p. :
_bill. ;
_c28 cm.
500 _a"The best student aid available for excelling on tests and improving grades: 538 solved problems with completely worked-out solutions; hundreds of supplementary problems; usable with all major textbooks; provides comprehensive drill in problem solving; covers theory"--Cover.
500 _aCover title: Theory and problems of engineering mechanics.
500 _aIncludes index.
500 _aSpine title: Engineering mechanics.
526 _a0
_b0
_c0
_d620_100000000000000_MCL
650 0 _aMCE
_9379
650 0 _aMechanics, Applied.
_913090
700 1 _aNelson, E. W.
_940675
856 4 1 _uhttp://www.loc.gov/catdir/toc/mh021/87023164.html
856 4 2 _uhttp://www.loc.gov/catdir/description/mh021/87023164.html
942 _2ddc
_cBK
999 _c544926
_d544926